| Tag |
First Indicator |
Second Indicator |
Subfields |
| LEADER |
00000cam a2200000I 4500 |
| 001 |
in00000026610 |
| 005 |
20151007062604.0 |
| 008 |
740909s1923 nyu 000 0 eng d |
| 035 |
|
|
|a (OCoLC)ocm01001615
|
| 035 |
|
|
|a (OCoLC)01001615
|
| 035 |
|
|
|9 AAD5291AM
|
| 040 |
|
|
|a KSU
|c KSU
|d OCL
|d UtOrBLW
|
| 041 |
1 |
|
|a eng
|h dut
|
| 049 |
|
|
|a TXAM
|c [145998]
|
| 090 |
|
|
|a PT5825
|b .L35
|
| 100 |
1 |
|
|a Couperus, Louis,
|d 1863-1923.
|
| 245 |
1 |
4 |
|a The later life /
|c by Louis Couperus ... tr. by Alexander Teixeira de Mattos.
|
| 264 |
|
1 |
|a New York :
|b Dodd, Mead and company,
|c 1923 [1915]
|
| 300 |
|
|
|a 333 pages ;
|c 20 cm.
|
| 336 |
|
|
|a text
|b txt
|2 rdacontent
|
| 337 |
|
|
|a unmediated
|b n
|2 rdamedia
|
| 338 |
|
|
|a volume
|b nc
|2 rdacarrier
|
| 500 |
|
|
|a "The second of The books of the small souls."--Translator's note.
|
| 700 |
1 |
|
|a Teixeira de Mattos, Alexander,
|d 1865-1921,
|e translator.
|
| 994 |
|
|
|a E0
|b TXA
|
| 999 |
|
|
|a MARS
|
| 999 |
f |
f |
|s 10615e76-4eb7-35c2-a753-a91ab4d7a8fe
|i fef822f9-75dd-3c2c-9312-cc9f9e546929
|t 0
|
| 952 |
f |
f |
|p ric
|a Texas A&M University
|b Rellis Campus
|c Joint Library Facility
|d Remote Storage
|t 0
|e PT5825 .L35
|h Library of Congress classification
|i unmediated -- volume
|m A14801359920
|
| 998 |
f |
f |
|a PT5825 .L35
|t 0
|l Remote Storage
|